000
00306nam a22001337a 4500
008
170524b xxu||||| |||| 00| 0 eng d
020
_a
9780071238304
041
_a
eng
080
_2
2ND
_a
62
100
_a
26
101
_a
IM
245
_a
FUNDAMENTALS OF STRUCTURAL ANALYSIS
_c
LEET,K.M
942
_2
udc
_c
BK
999
_c
14178
_d
14178